Normal view MARC view
  • QAMAR, PROF. FURQAN AND CHAUHAN, DR. R.K.

Entry Personal Name

Number of records used in: 1

001 - CONTROL NUMBER

  • control field: 4314

003 - CONTROL NUMBER IDENTIFIER

  • control field: OSt

005 - DATE AND TIME OF LATEST TRANSACTION

  • control field: 20180529143356.0

008 - FIXED-LENGTH DATA ELEMENTS

  • fixed length control field: 180529|| aca||aabn | a|a d

040 ## - CATALOGING SOURCE

  • Original cataloging agency: OSt
  • Transcribing agency: OSt

100 ## - HEADING--PERSONAL NAME

  • Personal name: QAMAR, PROF. FURQAN AND CHAUHAN, DR. R.K.

670 ## - SOURCE DATA FOUND

  • Source citation: Work cat.: (OSt): QAMAR, PROF. FURQAN AND CHAUHAN, DR. R.K., AIU'S VIEWS ON THE REVISION OF PAY SCALE OF TEACHERS AND OTHER ACADEMIC STAFF OF UNIVERSITIES AND COLLEGES FOR CONSIDERATION OF THE UGC'S 7TH PAY REVIEW COMMITTEE